00671nai a2200157Ia 4500003000900000008004100009022002300050040001600073245005700089260008600146362002200232521006900254650005100323650004600374856009300420IN-BaIIA211028c9999 xx s 000 0 eng d a2689-1808 (Online) cIIA Library 0aIEEE Transactions on Quantum Engineeringh[eJournal] aNew York, USAbThe Institute of Electrical and Electronics Engineers, Inc. (IEEE) a1;2020 - Present  bSubscribed through National Knowledge Resource Consortium (NKRC) a Engineered Materials, Dielectrics and Plasmas aComponents, Circuits, Devices and Systems uhttps://ieeexplore.ieee.org/servlet/opac?punumber=8924785yClick Here to Access eJournal